Servei local de teleassistència : més autonomia per a les persones més autonomia per a les persones

Descripció física: 1 díptic ; il. col. ; 21 x 10 cm.
Idioma: Català

MARC

LEADER 00000nam a22000007a 4500
001 26907
003 Arxiu
005 20260324181144.0
008 221115b spa||||| |||| 00| 0 cat d
017 |a B 8076-2016 
040 |a agdb 
110 1 |a Barcelona (Catalunya : Província).  |b Gerència de Serveis de Benestar Social  |9 52907 
245 |a Servei local de teleassistència :   |b més autonomia per a les persones 
260 |a Barcelona :   |b Diputació de Barcelona. Gerència de Serveis de Benestar Social ;   |c 2016 
300 |a 1 díptic ;   |b il. col. ;   |c 21 x 10 cm. 
650 0 |a Atenció domiciliària  |z Barcelona (Catalunya : Província)  |9 43156 
942 |2 udc  |c ARXIU  |n 1 
952 |0 0  |1 0  |2 udc  |4 0  |6 FU7313  |7 1  |9 64195  |a Arxiu  |b Arxiu  |d 2022-11-15  |l 0  |o FU-73-13  |p 26907  |r 2022-11-15 00:00:00  |w 2022-11-15  |y ARXIU 
999 |c 82746  |d 82746